000 01139aas a2200217 4500
003 BR-BrBNA
005 20231206143025.0
007 ta
008 230119b bl ||||| |||| 00| 0 por d
022 _a1519-2059
035 _a000485-5
040 _aBR-BrBNA
_bPor
_cBR-BrBNA
042 _aN
044 _abl
245 _aDocumentos - Instituto Capixaba de Pesquisa, Assistência Técnica e Extensão Rural (Brazil)
260 _aVitória-ES
_bInstituto Capixaba de Pesquisa, Assistência Técnica e Extensão Rural
_c2000
_eBES
270 _aRua Afonso Sarlo, 160 - 29052-010
310 _airregular
505 _a2000 (69,106,110); 2002 (113,116); 2003 (120-122); 2004 (124,127); 2005 (137,141); 2006 (124,144,146-147); 2007 (142-143,150); 2008 (148 2.,155-159,161-166); 2010 (181,186-188,191); 2011 (195-198); 2012 (160.,200-204,206,208); 2013 (209 3.ed.,210 2.ed.,212,214-215,217,218,218-221,223-224,227); 2013 (236); 2015 (234-235,237-238); 2016 (241,243); 2017 (245-246,249-251); 2018 (254,255); 2020 (264,269,276,277); 2020 (272); 2021 (282,284); 2021 (279); 2021 (280); 2022 (286-288;290;292-294;296;297;299-302)
942 _cCR
_2AGRIS
999 _c2823
_d2823